000 00417nam a22001697a 4500
005 20230612104538.0
008 230612b ||||| |||| 00| 0 eng d
040 _cAL
041 _aEnglish
082 _223
_a580/148
_bRAOE
100 _aNarasimha Rao
_9123620
245 _aEconomic Botany
260 _bS Viswanathan
_c1952
650 _aBotany
_9123621
700 _aRAO (Narasimha)
_9123622
942 _2ddc
_cBB
999 _c227492
_d227492